000
00332nam a2200145Ia 4500
008
150201s2003 xx 000 0 und d
082
_a
611
_b
H2003S
100
_a
SOM.PETER M.
245
_a
HEAD & NECK IMAGING V-2
250
_a
4TH
260
_b
MOSBY
_a
DELHI
_c
2003
300
_a
1051-2325
650
_a
ANATOMY
942
_2
ddc
_c
BK
999
_c
3883
_d
3883